000 00385nam a2200157Ia 4500
008 230711s9999||||xx |||||||||||||| ||und||
041 _aENG
082 _a629
_bDO-E
100 _aDorf,Richard C
245 0 _aIntroduction to electric circuits
250 _a6th
260 _c2004
_aNew York
_bJohn Wiley & Sons.Inc
300 _a809
650 _aElectrical Engineering
942 _cBK
999 _c3069
_d3069